000
00318nam a22001337a 4500
008
170815b xxu||||| |||| 00| 0 eng d
020
_a
2900781748406
041
_a
eng
080
_2
5TH
_a
311
100
_a
36
101
_a
STA
245
_a
STATISTICAL METHODS FOR HEALTH CARE RESEARCH
_c
MUNRO,B.H
942
_2
udc
_c
BK
999
_c
23481
_d
23481